| 000 | 00482nam a2200205Ia 4500 | ||
|---|---|---|---|
| 005 | 20240826060535.0 | ||
| 008 | 240331s9999 xx 000 0 und d | ||
| 020 | _a8170333069 | ||
| 082 |
_bWOM _a800 |
||
| 245 | 0 | _aWomen Images | |
| 260 |
_aJaipur _bRawat Publication _c1996 |
||
| 300 | _a293 p ., | ||
| 650 | _aWoman | ||
| 650 | _aHuman Evolution | ||
| 650 | _aSocial | ||
| 650 | _aCultural | ||
| 700 |
_aJain, Pratibha . _eedt |
||
| 700 |
_aMahan, Rajan _eedt |
||
| 942 | _cL | ||
| 999 |
_c3090 _d3090 |
||